000
00242nam a2200097 a 4500
005
20200930011651.0
008
100921s2001 000 spa d
245
3
_a
El municipio que tenemos.
260
_a
Santo Domingo,
_c
2001.
999
_c
21779
_d
21779
040
_a
DO-SdBNP